[Event "Mardi 2025.04.15"]
[Site "Laval CAN"]
[Date "2025.03.18"]
[Round "2.4"]
[White "Saillant, Christopher"]
[Black "Lamy, Vincent"]
[Result "1-0"]
[WhiteElo "1767"]
[BlackElo "1764"]
[WhiteFideId "-1"]
[WhiteFideId "-1"]
[PlyCount "61"]
[GameId "2170283203175773"]
[EventDate "2025.04.15"]
[EventType "swiss"]
[EventRounds "5"]
[EventCountry "CAN"]

1. e4 c5 2. Nf3 g6 3. d4 cxd4 4. Nxd4 Nf6 5. Nc3 Nc6 6. Nxc6 bxc6 7. e5 Ng8 8. Bc4 Bg7 9. Qe2 Nh6 10. O-O O-O 11. Bf4 Nf5 12. Rad1 Qb6 13. Na4 Qb4 14. b3 Kh8 15. Bd2 Qb8 16. Bc3 d6 17. f4 d5 18. Bd3 a5 19. Nc5 Qb6 20. Bxf5 Qxc5+ 21. Bd4 Qb4 22. c3 Ba6 23. Bd3 Bxd3 24. Qxd3 Qa3 25. Qe2 e6 26. Qf2 Qe7 27. Bc5 Qb7 28. Bxf8 Bxf8 29. Kh1 c5 30. Qf3 Qb5 31. c4 1-0

[Event "Mardi 2025.04.15"]
[Site "Laval CAN"]
[Date "2025.03.25"]
[Round "3.1"]
[White "Berube, Maximilien"]
[Black "Kiryakov, Marin"]
[Result "0-1"]
[WhiteElo "1931"]
[BlackElo "1783"]
[WhiteFideId "-1"]
[WhiteFideId "-1"]
[PlyCount "88"]
[GameId "2170283203175774"]
[EventDate "2025.04.15"]
[EventType "swiss"]
[EventRounds "5"]
[EventCountry "CAN"]

1. c4 c5 2. Nf3 Nc6 3. Nc3 Nf6 4. g3 g6 5. d4 cxd4 6. Nxd4 d6 7. Bg2 Bd7 8. O-O Bg7 9. Re1 O-O 10. Nxc6 bxc6 11. e4 Be6 12. c5 dxc5 13. Be3 Nd7 14. Rc1 Qa5 15. Na4 Rfd8 16. Qc2 c4 17. f4 Rab8 18. Bf1 Rb4 19. Nc3 Rdb8 20. Rb1 Rxb2 21. Rxb2 Rxb2 22. Qxb2 Bxc3 23. Qb7 Bxe1 24. f5 gxf5 25. Qa8+ Kg7 26. Bd4+ f6 27. Qxc6 Qd2 28. Bxa7 Qd6 29. Qa4 Bc3 30. exf5 Bd4+ 31. Bxd4 Qxd4+ 32. Kg2 Bd5+ 33. Kh3 Bf3 34. Qxc4 Bg4+ 35. Kh4 Qxc4 36. Bxc4 Bxf5 37. a4 Nc5 38. a5 Bc8 39. g4 h6 40. Kh5 Ba6 41. Bd5 Nb7 42. h4 Nxa5 43. Be4 Nb7 44. g5 Be2+ 0-1

[Event "Mardi 2025.04.15"]
[Site "Laval CAN"]
[Date "2025.03.25"]
[Round "3.3"]
[White "Lamy, Vincent"]
[Black "Sekki, Abderaouf"]
[Result "0-1"]
[WhiteElo "1764"]
[BlackElo "1854"]
[WhiteFideId "-1"]
[WhiteFideId "-1"]
[PlyCount "92"]
[GameId "2170283203200352"]
[EventDate "2025.04.15"]
[EventType "swiss"]
[EventRounds "5"]
[EventCountry "CAN"]

1. e4 d6 2. d4 Nf6 3. Nc3 Nbd7 4. Be3 e5 5. h3 c6 6. a4 Qc7 7. Bc4 Be7 8. Bb3 Nf8 9. Nge2 Be6 10. d5 Bd7 11. g4 cxd5 12. exd5 Ng6 13. Ng3 Qc8 14. g5 Ng8 15. Nh5 Kf8 16. h4 Bg4 17. f3 Bxh5 18. Qe2 f5 19. O-O-O a6 20. Qf2 Bd8 21. Ne2 f4 22. Bd2 N8e7 23. Bb4 Bc7 24. Nc3 Kf7 25. Ne4 Rd8 26. Nc5 Kg8 27. Ne6 Rd7 28. Rd3 a5 29. Ba3 Kh8 30. Rc3 Nf5 31. Bc4 Nf8 32. Bd3 Ne7 33. Bb5 Nxd5 34. Bxd7 Qxd7 35. Nxf8 Rxf8 36. Rd3 Ne3 37. b3 Qc6 38. Qd2 Rd8 39. Rc3 Qxf3 40. Re1 Bb6 41. Bxd6 Qd5 42. Rd3 Qe4 43. Qc3 Re8 44. Ba3 Bg6 45. Rd7 Bf5 46. Rxb7 Qxb7 0-1

[Event "Mardi 2025.04.15"]
[Site "Laval CAN"]
[Date "2025.04.02"]
[Round "4.1"]
[White "Kiryakov, Marin"]
[Black "Guillemette, Thomas"]
[Result "1-0"]
[WhiteElo "1783"]
[BlackElo "1903"]
[WhiteFideId "-1"]
[WhiteFideId "-1"]
[PlyCount "41"]
[GameId "2170283203200353"]
[EventDate "2025.04.15"]
[EventType "swiss"]
[EventRounds "5"]
[EventCountry "CAN"]

1. e4 c5 2. Nf3 d6 3. d4 cxd4 4. Nxd4 Nf6 5. Nc3 g6 6. Be3 Bg7 7. f3 Nc6 8. Qd2 O-O 9. O-O-O d5 10. exd5 Nxd5 11. Nxc6 bxc6 12. Bd4 e5 13. Bc5 Be6 14. Ne4 Re8 15. h4 h5 16. Bc4 Qd7 17. g4 hxg4 18. h5 Nf6 19. Nxf6+ Bxf6 20. Qxd7 Bxd7 21. Rxd7 1-0

[Event "Mardi 2025.04.15"]
[Site "Laval CAN"]
[Date "2025.04.02"]
[Round "4.2"]
[White "Nunez, Omar"]
[Black "Berube, Maximilien"]
[Result "1-0"]
[WhiteElo "1859"]
[BlackElo "1931"]
[WhiteFideId "-1"]
[WhiteFideId "-1"]
[PlyCount "59"]
[GameId "2170283203200354"]
[EventDate "2025.04.15"]
[EventType "swiss"]
[EventRounds "5"]
[EventCountry "CAN"]

1. f4 d5 2. Nf3 c5 3. g3 g6 4. Bg2 Bg7 5. d3 Nf6 6. O-O Nc6 7. Nc3 d4 8. Ne4 Nxe4 9. dxe4 e5 10. e3 O-O 11. exd4 cxd4 12. Nxe5 Nxe5 13. fxe5 Bxe5 14. Bh6 Re8 15. Qf3 Be6 16. Rad1 Qb6 17. Kh1 Rac8 18. Rf2 Qxb2 19. Rdf1 Rc3 20. Qd1 Qxa2 21. Bf4 Qa5 22. Bd2 b5 23. Bxc3 dxc3 24. Qf3 Rd8 25. Bh3 Bxh3 26. Qxf7+ Kh8 27. Qe7 Bg7 28. Rf8+ Rxf8 29. Rxf8+ Bxf8 30. Qxf8# 1-0

[Event "Mardi 2025.04.15"]
[Site "Laval CAN"]
[Date "2025.04.02"]
[Round "4.3"]
[White "Sekki, Abderaouf"]
[Black "Saillant, Christopher"]
[Result "0-1"]
[WhiteElo "1854"]
[BlackElo "1767"]
[WhiteFideId "-1"]
[WhiteFideId "-1"]
[PlyCount "147"]
[GameId "2170283203200355"]
[EventDate "2025.04.15"]
[EventType "swiss"]
[EventRounds "5"]
[EventCountry "CAN"]

1. d4 d5 2. c4 e6 3. Nc3 Nf6 4. Nf3 Nbd7 5. Bg5 c6 6. Qc2 Qa5 7. Bd2 Qd8 8. e4 dxe4 9. Ng5 e5 10. dxe5 Nxe5 11. Ncxe4 h6 12. Nxf6+ Qxf6 13. Ne4 Qg6 14. O-O-O Bf5 15. Re1 O-O-O 16. Bf4 f6 17. f3 Bb4 18. Re3 Bd2+ 19. Kb1 Bxe4 20. Rxe4 Bxf4 21. a3 Rd2 22. Qc3 Rd1+ 23. Ka2 Bc1 24. g3 Kb8 25. Bg2 Rhd8 26. Rxd1 Rxd1 27. Qc2 Rd2 28. Qxc1 Rxg2 29. Qe3 Rc2 30. f4 Rxc4 31. Qd2 a6 32. Qd6+ Ka7 33. Rxe5 Qc2 34. Re7 Re4 35. Rxe4 Qxe4 36. Qc5+ b6 37. Qf8 Qd5+ 38. Ka1 Qd7 39. h4 h5 40. f5 Qd1+ 41. Ka2 Qd5+ 42. Ka1 Qd7 43. Qh8 Qf7 44. Qc8 c5 45. Qe6 Qc7 46. Qe8 Qxg3 47. Qd7+ Kb8 48. Qd8+ Kb7 49. Qd7+ Qc7 50. Qd5+ Ka7 51. Qf3 Qf7 52. a4 Qe8 53. b3 Qe1+ 54. Ka2 Qxh4 55. Qc6 Qh2+ 56. Ka3 Qb8 57. a5 Qb7 58. axb6+ Qxb6 59. Qe8 Qb4+ 60. Ka2 Qd2+ 61. Ka3 Qc1+ 62. Ka2 Qc2+ 63. Ka3 Qxf5 64. Qe7+ Kb6 65. Qxg7 h4 66. Qh8 h3 67. Qb8+ Kc6 68. Qa8+ Kd7 69. Qxa6 Qe5 70. Qd3+ Ke7 71. Qh7+ Kd6 72. Qd3+ Kc7 73. Qh7+ Kb6 74. Qh8 0-1

[Event "Mardi 2025.04.15"]
[Site "Laval CAN"]
[Date "2025.04.09"]
[Round "5.1"]
[White "Kiryakov, Marin"]
[Black "Sekki, Abderaouf"]
[Result "1-0"]
[WhiteElo "1783"]
[BlackElo "1854"]
[WhiteFideId "-1"]
[WhiteFideId "-1"]
[PlyCount "83"]
[GameId "2170283203204452"]
[EventDate "2025.04.15"]
[EventType "swiss"]
[EventRounds "5"]
[EventCountry "CAN"]

1. e4 d6 2. d4 Nf6 3. Nc3 Nbd7 4. Nf3 e5 5. Bc4 Be7 6. a4 c6 7. a5 Qc7 8. O-O h6 9. Re1 g5 10. Bb3 Nf8 11. d5 Ng6 12. a6 g4 13. Nd2 h5 14. Nf1 h4 15. axb7 Bxb7 16. dxc6 Bxc6 17. Nd5 Nxd5 18. Bxd5 Bxd5 19. Qxd5 Rb8 20. c4 Nf4 21. Bxf4 exf4 22. e5 dxe5 23. Rxe5 Kf8 24. Rae1 Bf6 25. Rf5 Kg7 26. Rh5 g3 27. f3 Rxh5 28. Qxh5 Qxc4 29. Qg4+ Kf8 30. Qf5 Qd4+ 31. Kh1 Qf2 32. Rc1 Qxb2 33. Qxf4 h3 34. Rc2 hxg2+ 35. Rxg2 Qb1 36. Rg1 gxh2 37. Nxh2 Qb2 38. Ng4 Bg7 39. Qd6+ Kg8 40. Nf6+ Kh8 41. Qf4 Rb4 42. Qh6+ 1-0

[Event "Mardi 2025.04.15"]
[Site "Laval CAN"]
[Date "2025.04.09"]
[Round "5.3"]
[White "Berube, Maximilien"]
[Black "Saillant, Christopher"]
[Result "1/2-1/2"]
[WhiteElo "1931"]
[BlackElo "1767"]
[WhiteFideId "-1"]
[WhiteFideId "-1"]
[PlyCount "138"]
[GameId "2170283203204454"]
[EventDate "2025.04.15"]
[EventType "swiss"]
[EventRounds "5"]
[EventCountry "CAN"]

1. a3 d5 2. Nf3 Nf6 3. d4 Bf5 4. c4 e6 5. Nc3 c6 6. e3 Bd6 7. b3 Nbd7 8. Be2 dxc4 9. bxc4 e5 10. Nh4 Bg6 11. Nxg6 hxg6 12. Qc2 Qe7 13. Rb1 b6 14. Qa4 exd4 15. Qxc6 O-O 16. Nb5 Ne4 17. Nxd6 Nxd6 18. O-O Ne5 19. Qd5 dxe3 20. Bxe3 Rad8 21. c5 Nf5 22. Qe4 Nxe3 23. Qxe3 Qxc5 24. Qxc5 bxc5 25. Rfc1 Rd2 26. Bf1 Rc8 27. Rb5 Nd3 28. Rc3 Nxf2 29. Rbxc5 Rxc5 30. Rxc5 Ne4 31. Rc8+ Kh7 32. g3 Ra2 33. Rc7 Ng5 34. Bg2 Rxa3 35. h4 Nf3+ 36. Bxf3 Rxf3 37. Rxa7 Rxg3+ 38. Kf2 Rg4 39. Rxf7 Rxh4 40. Kg3 Ra4 41. Rb7 Kh6 42. Rc7 g5 43. Rb7 g6 44. Rc7 Ra3+ 45. Kg4 Ra4+ 46. Kg3 g4 47. Rc5 g5 48. Rc8 Rf4 49. Ra8 Kg6 50. Ra6+ Kh5 51. Ra8 Rf3+ 52. Kg2 Rb3 53. Rh8+ Kg6 54. Rg8+ Kh6 55. Rh8+ Kg7 56. Ra8 g3 57. Ra6 Kf7 58. Rc6 Re3 59. Ra6 Re6 60. Rxe6 Kxe6 61. Kxg3 Kf5 62. Kf3 g4+ 63. Kg3 Kg5 64. Kg2 Kf4 65. Kf2 g3+ 66. Kg2 Kg4 67. Kg1 Kf3 68. Kf1 g2+ 69. Kg1 Kg3 1/2-1/2

[Event "Mardi 2025.04.22"]
[Site "Laval CAN"]
[Date "2025.04.30"]
[Round "2.1"]
[White "Saillant, Christopher"]
[Black "Mok, Yuen Tak"]
[Result "1-0"]
[WhiteElo "1767"]
[BlackElo "1948"]
[WhiteFideId "-1"]
[WhiteFideId "-1"]
[PlyCount "55"]
[GameId "2190426783322277"]
[EventDate "2025.04.22"]
[EventType "swiss"]
[EventRounds "5"]
[EventCountry "CAN"]

1. e4 c6 2. d4 d5 3. f3 e6 4. Nc3 Bb4 5. Bf4 Ne7 6. Qd3 b6 7. Nge2 Ba6 8. Qe3 O-O 9. a3 Bxc3+ 10. Nxc3 Bxf1 11. Rxf1 c5 12. O-O-O Nbc6 13. Ne2 c4 14. h4 b5 15. h5 b4 16. h6 bxa3 17. Qxa3 g6 18. g4 Nc8 19. Qc5 Qd7 20. Nc3 Nb6 21. exd5 exd5 22. Rfe1 Rfe8 23. Kb1 Rxe1 24. Rxe1 Rc8 25. Nb5 Ne5 26. Qd6 Qxb5 27. Qf6 Kf8 28. Rxe5 1-0

[Event "Mardi 2025.04.22"]
[Site "Laval CAN"]
[Date "2025.04.30"]
[Round "2.2"]
[White "Nunez, Omar"]
[Black "Guillemette, Thomas"]
[Result "1-0"]
[WhiteElo "1859"]
[BlackElo "1903"]
[WhiteFideId "-1"]
[WhiteFideId "-1"]
[PlyCount "120"]
[GameId "2190426783330470"]
[EventDate "2025.04.22"]
[EventType "swiss"]
[EventRounds "5"]
[EventCountry "CAN"]

1. f4 d5 2. Nf3 c5 3. e3 Nc6 4. Bb5 Bd7 5. O-O a6 6. Bxc6 Bxc6 7. Ne5 Nf6 8. Nxc6 bxc6 9. c4 e6 10. Qa4 Qd7 11. d3 Bd6 12. Nd2 O-O 13. e4 Be7 14. e5 Ng4 15. Nf3 f6 16. f5 Nxe5 17. fxe6 Qxe6 18. Nxe5 fxe5 19. Bd2 Qd6 20. Rxf8+ Bxf8 21. Rf1 Be7 22. a3 Bf6 23. Be3 d4 24. Bc1 Qc7 25. Qd1 Rf8 26. Qg4 Qe7 27. Qe4 Qe6 28. h3 g6 29. g4 Bg7 30. Rxf8+ Kxf8 31. Kg2 Ke7 32. Bd2 Kd7 33. Qf3 Bf6 34. Qe4 Qe7 35. g5 Bg7 36. Qg4+ Kc7 37. Qe4 Qf7 38. b4 cxb4 39. axb4 Qf5 40. Qf3 Bf8 41. Qe4 Be7 42. Qf3 Kd6 43. c5+ Kc7 44. Qe4 a5 45. bxa5 Qxe4+ 46. dxe4 Bxc5 47. Kf3 Kb7 48. Ke2 Ka6 49. Kd3 Kb5 50. Be1 Bd6 51. a6 Kxa6 52. Kc4 Kb6 53. Bf2 Be7 54. h4 Bf8 55. Be1 Be7 56. Bg3 Bd6 57. Bf2 Ka5 58. Be1+ Ka4 59. Bd2 Ka3 60. Ba5 Kb2 1-0

[Event "Mardi 2025.04.22"]
[Site "Laval CAN"]
[Date "2025.04.30"]
[Round "2.3"]
[White "Sun, Jonathan"]
[Black "Neacsu, Catalin"]
[Result "1-0"]
[WhiteElo "1563"]
[BlackElo "1643"]
[WhiteFideId "-1"]
[WhiteFideId "-1"]
[PlyCount "97"]
[GameId "2190426783334567"]
[EventDate "2025.04.22"]
[EventType "swiss"]
[EventRounds "5"]
[EventCountry "CAN"]

1. e4 c5 2. Nf3 d6 3. d4 cxd4 4. Nxd4 Nf6 5. Nc3 a6 6. Bg5 e6 7. f4 Qb6 8. Nb3 Nc6 9. Qf3 Bd7 10. O-O-O Rc8 11. Bd3 Na5 12. Nxa5 Qxa5 13. Rhe1 Rxc3 14. bxc3 Qxc3 15. Bf1 Qa1+ 16. Kd2 Qxa2 17. Qc3 Qa4 18. Bxf6 gxf6 19. Ra1 Qc6 20. Qxf6 Rg8 21. Qc3 Qb6 22. Qe3 Qb4+ 23. Ke2 Bg7 24. Rab1 Qc4+ 25. Kf3 Qc7 26. Red1 Bc6 27. Kf2 Bf6 28. Be2 Kf8 29. Bf3 Kg7 30. g3 b5 31. e5 dxe5 32. fxe5 Be7 33. Rd2 Rc8 34. Rf1 Be8 35. Kg2 b4 36. Qf4 a5 37. Bh5 Bf8 38. Qf6+ Kg8 39. Rf4 h6 40. Rdf2 Qb7+ 41. Kh3 Qe7 42. Bxf7+ Bxf7 43. Rg4+ Kh7 44. Qxf7+ Qxf7 45. Rxf7+ Kh8 46. Ra7 Rxc2 47. Rxa5 Rf2 48. Rb5 Rf5 49. Rg6 1-0

[Event "Mardi 2025.04.22"]
[Site "Laval CAN"]
[Date "2025.04.30"]
[Round "2.4"]
[White "Sekki, Abderaouf"]
[Black "Deschamps, Martin"]
[Result "1-0"]
[WhiteElo "1854"]
[BlackElo "1794"]
[WhiteFideId "-1"]
[WhiteFideId "-1"]
[PlyCount "75"]
[GameId "2190426783334568"]
[EventDate "2025.04.22"]
[EventType "swiss"]
[EventRounds "5"]
[EventCountry "CAN"]

1. e4 Nf6 2. e5 Nd5 3. c4 Nb6 4. c5 Nd5 5. Bc4 e6 6. Nc3 Nxc3 7. dxc3 Qh4 8. Qe2 Bxc5 9. Nf3 Qg4 10. Bg5 b5 11. Bxb5 Bb7 12. Be3 Qxg2 13. Rg1 Bxf3 14. Rxg2 Bxe2 15. Kxe2 Bxe3 16. Kxe3 O-O 17. Rd1 Rd8 18. Rg4 Kf8 19. h4 h5 20. Rg5 g6 21. Rdg1 Ke7 22. Bd3 d5 23. Bxg6 fxg6 24. Rxg6 Rf8 25. Rh6 Nc6 26. Rgg6 Nd8 27. Rxh5 c5 28. Rh7+ Rf7 29. Rh8 Rb8 30. Rgg8 Kd7 31. h5 d4+ 32. Ke4 dxc3 33. bxc3 Kc7 34. h6 Nc6 35. h7 Rxf2 36. Rg7+ Kb6 37. Rxb8+ Nxb8 38. h8=Q 1-0

[Event "Mardi 2025.04.22"]
[Site "Laval CAN"]
[Date "2025.05.07"]
[Round "3.2"]
[White "Rodriguez, Jerome"]
[Black "Sekki, Abderaouf"]
[Result "1-0"]
[WhiteElo "1668"]
[BlackElo "1854"]
[WhiteFideId "-1"]
[WhiteFideId "-1"]
[PlyCount "115"]
[GameId "2190426783338665"]
[EventDate "2025.04.22"]
[EventType "swiss"]
[EventRounds "5"]
[EventCountry "CAN"]

1. e4 d6 2. d4 Nf6 3. Nc3 Nbd7 4. f4 e5 5. dxe5 dxe5 6. fxe5 Nxe5 7. Qxd8+ Kxd8 8. Bf4 Bd6 9. O-O-O Ke7 10. Kb1 Re8 11. Nd5+ Nxd5 12. Rxd5 f6 13. Nf3 Be6 14. Bxe5 Bxe5 15. Rb5 b6 16. Nxe5 a6 17. Nc6+ Kd6 18. Rh5 Kxc6 19. Rxh7 Re7 20. Bd3 b5 21. b3 a5 22. Re1 Rae8 23. Kb2 Bf5 24. Rh5 g6 25. Rh4 b4 26. Rf4 Re5 27. Ref1 Bd7 28. Rxf6+ R8e6 29. Bc4 Rd6 30. Rxd6+ cxd6 31. Bd5+ Kc5 32. c3 g5 33. cxb4+ axb4 34. Rc1+ Kb5 35. a4+ bxa3+ 36. Kxa3 g4 37. Rc7 Be8 38. Rb7+ Ka6 39. Rg7 Rh5 40. Rxg4 Rxh2 41. Rg8 Bb5 42. g4 Kb6 43. Kb4 Bc6 44. g5 Bxd5 45. exd5 Rh4+ 46. Kc3 Kc5 47. g6 Rh3+ 48. Kc2 Rh2+ 49. Kd3 Kxd5 50. g7 Rh3+ 51. Kc2 Rg3 52. Kb2 Kd4 53. Ka3 d5 54. Ka4 Kd3 55. b4 d4 56. b5 Kd2 57. b6 Rg1 58. b7 1-0

[Event "Mardi 2025.04.22"]
[Site "Laval CAN"]
[Date "2025.05.07"]
[Round "3.3"]
[White "Deschamps, Martin"]
[Black "Lamy, Vincent"]
[Result "1-0"]
[WhiteElo "1794"]
[BlackElo "1706"]
[WhiteFideId "-1"]
[WhiteFideId "-1"]
[PlyCount "67"]
[GameId "2190426783342762"]
[EventDate "2025.04.22"]
[EventType "swiss"]
[EventRounds "5"]
[EventCountry "CAN"]

1. e4 c5 2. Nf3 g6 3. d4 cxd4 4. Nxd4 Nf6 5. Nc3 Nc6 6. Be2 Bg7 7. Be3 O-O 8. O-O d5 9. exd5 Nxd5 10. Nxd5 Qxd5 11. Bf3 Qc4 12. b3 Qc3 13. Nxc6 bxc6 14. Rb1 Bf5 15. Qe2 a5 16. g4 Bc8 17. Rfd1 Ba6 18. Qd2 Qf6 19. Bg2 e5 20. Qd6 Qh4 21. g5 e4 22. Qxc6 Be5 23. h3 Be2 24. Rd2 Bf3 25. Bxf3 exf3 26. Qxf3 Bc3 27. Rd7 Rae8 28. Rbd1 Re5 29. Qg4 Qxg4+ 30. hxg4 Re4 31. Kf1 Rxg4 32. R1d3 Rc8 33. f4 Kg7 34. Rxc3 1-0

[Event "Mardi 2025.04.22"]
[Site "Laval CAN"]
[Date "2025.05.07"]
[Round "3.4"]
[White "Mok, Yuen Tak"]
[Black "Nunez, Omar"]
[Result "1-0"]
[WhiteElo "1933"]
[BlackElo "1844"]
[WhiteFideId "-1"]
[WhiteFideId "-1"]
[PlyCount "61"]
[GameId "2190426783342763"]
[EventDate "2025.04.22"]
[EventType "swiss"]
[EventRounds "5"]
[EventCountry "CAN"]

1. c4 f5 2. Nf3 Nf6 3. g3 g6 4. Bg2 Bg7 5. O-O O-O 6. d4 Ne4 7. Nbd2 Nxd2 8. Bxd2 d6 9. Qb3 c6 10. Rad1 Kh8 11. Rfe1 Qc7 12. e4 fxe4 13. Rxe4 Bf5 14. Ree1 Bg4 15. Bg5 e5 16. dxe5 Bxf3 17. Bxf3 dxe5 18. Bg2 Na6 19. Be3 b6 20. Qa4 Nb8 21. Rd2 a5 22. Red1 Ra6 23. h4 h6 24. Be4 Rf6 25. Rd8+ Rf8 26. Rxf8+ Bxf8 27. Bxg6 Nd7 28. Be4 Nc5 29. Qxc6 Qg7 30. Bxc5 Bxc5 31. Rd8+ 1-0

[Event "Mardi 2025.04.22"]
[Site "Laval CAN"]
[Date "2025.04.28"]
[Round "4.1"]
[White "Saillant, Christopher"]
[Black "Rodriguez, Jerome"]
[Result "0-1"]
[WhiteElo "1827"]
[BlackElo "1668"]
[WhiteFideId "-1"]
[WhiteFideId "-1"]
[PlyCount "124"]
[GameId "2190426783342764"]
[EventDate "2025.04.22"]
[EventType "swiss"]
[EventRounds "5"]
[EventCountry "CAN"]

1. e4 c5 2. Nf3 Nc6 3. d4 cxd4 4. Nxd4 Nf6 5. Nc3 e5 6. Ndb5 d6 7. Bg5 a6 8. Na3 b5 9. Nd5 Be7 10. Bxf6 Bxf6 11. c3 O-O 12. Nc2 Bg5 13. a4 Rb8 14. axb5 axb5 15. Be2 f5 16. exf5 Bxf5 17. O-O Kh8 18. Nce3 Bxe3 19. Nxe3 Be6 20. Bf3 Ne7 21. Qd2 Ng6 22. Ra6 Rxf3 23. gxf3 Qg5+ 24. Kh1 Qf4 25. Qxd6 Qxf3+ 26. Kg1 Rf8 27. Qxe6 Nf4 28. h4 Nxe6 29. Rxe6 e4 30. Re5 h6 31. Rxb5 Rf4 32. Nf5 Rxf5 33. Rxf5 Qxf5 34. b4 Qg4+ 35. Kh2 Qxh4+ 36. Kg2 Qg5+ 37. Kh1 Qd2 38. b5 Qd3 39. Re1 Qxb5 40. Rxe4 Qc6 41. f3 Qxc3 42. Kg2 Kh7 43. Kg3 g5 44. Kg4 Qc8+ 45. Kg3 Kg6 46. f4 Qc3+ 47. Kf2 g4 48. Re3 Qd2+ 49. Re2 Qxf4+ 50. Kg1 g3 51. Re6+ Kg5 52. Re2 Qf3 53. Rb2 Qd1+ 54. Kg2 Qd5+ 55. Kh3 Qf5+ 56. Kg2 h5 57. Re2 h4 58. Kg1 h3 59. Re5 Qxe5 60. Kf1 Qf4+ 61. Ke1 Qf2+ 62. Kd1 g2 0-1

[Event "Mardi 2025.04.22"]
[Site "Laval CAN"]
[Date "2025.05.13"]
[Round "4.2"]
[White "Sun, Jonathan"]
[Black "Guillemette, Thomas"]
[Result "1-0"]
[WhiteElo "1563"]
[BlackElo "1834"]
[WhiteFideId "-1"]
[WhiteFideId "-1"]
[PlyCount "97"]
[GameId "2190426783342765"]
[EventDate "2025.04.22"]
[EventType "swiss"]
[EventRounds "5"]
[EventCountry "CAN"]

1. e4 c5 2. Nf3 d6 3. d4 cxd4 4. Nxd4 Nf6 5. Nc3 g6 6. Bc4 Bg7 7. h3 Nc6 8. Nxc6 bxc6 9. e5 dxe5 10. Qxd8+ Kxd8 11. Be3 e6 12. O-O-O+ Nd5 13. Bc5 Bf8 14. Bxf8 Rxf8 15. Rhe1 f6 16. g3 Ke7 17. Ne4 Bd7 18. Bb3 Rfd8 19. c4 Nb6 20. c5 Nd5 21. Nd6 Bc8 22. f4 exf4 23. Bxd5 cxd5 24. gxf4 Kd7 25. b4 Rb8 26. a3 f5 27. Re3 Rf8 28. Kc2 Bb7 29. a4 d4 30. Nxb7 Rxb7 31. Rxd4+ Ke7 32. Kc3 Rd7 33. Rxd7+ Kxd7 34. Kc4 h6 35. h4 Rg8 36. b5 g5 37. hxg5 hxg5 38. c6+ Ke7 39. fxg5 Rxg5 40. a5 f4 41. Rf3 e5 42. b6 axb6 43. axb6 Rg8 44. c7 Kd7 45. Rd3+ Kc8 46. Kc5 Re8 47. Rd6 f3 48. Kc6 f2 49. b7# 1-0

[Event "Mardi 2025.04.22"]
[Site "Laval CAN"]
[Date "2025.05.13"]
[Round "4.3"]
[White "Lesage, Philippe"]
[Black "Deschamps, Martin"]
[Result "0-1"]
[WhiteElo "1808"]
[BlackElo "1794"]
[WhiteFideId "-1"]
[WhiteFideId "-1"]
[PlyCount "54"]
[GameId "2190426783346862"]
[EventDate "2025.04.22"]
[EventType "swiss"]
[EventRounds "5"]
[EventCountry "CAN"]

1. c4 e5 2. Nc3 Nf6 3. Nf3 Nc6 4. e3 d5 5. cxd5 Nxd5 6. Bb5 Nxc3 7. bxc3 Bd6 8. d4 exd4 9. cxd4 O-O 10. O-O Bf5 11. Re1 Be4 12. Nd2 Bxg2 13. Qg4 Bd5 14. Qh5 Re8 15. Bb2 Re6 16. Kf1 Bb4 17. Rad1 Rh6 18. Qf5 Rxh2 19. e4 Be6 20. Qf4 Rh4 21. Qe3 Rh3 22. Nf3 Bxe1 23. Rxe1 Bg4 24. Be2 Qf6 25. e5 Qf5 26. Kg2 Qh5 27. Rg1 Rxf3 0-1

[Event "Mardi 2025.04.22"]
[Site "Laval CAN"]
[Date "2025.05.13"]
[Round "4.4"]
[White "Neacsu, Catalin"]
[Black "Nunez, Omar"]
[Result "0-1"]
[WhiteElo "1643"]
[BlackElo "1844"]
[WhiteFideId "-1"]
[WhiteFideId "-1"]
[PlyCount "48"]
[GameId "2190426783346863"]
[EventDate "2025.04.22"]
[EventType "swiss"]
[EventRounds "5"]
[EventCountry "CAN"]

1. e4 Nc6 2. d4 d5 3. e5 Bf5 4. c3 e6 5. Ne2 f6 6. exf6 Nxf6 7. Ng3 Bxb1 8. Rxb1 Bd6 9. Bb5 O-O 10. O-O e5 11. Nf5 exd4 12. Nxd6 Qxd6 13. cxd4 Ne7 14. g3 Ng6 15. b4 Ne4 16. Rb3 a5 17. bxa5 Rxa5 18. a4 b6 19. f3 Nxg3 20. Rf2 Nf5 21. Ba3 c5 22. dxc5 bxc5 23. Rd2 Nf4 24. Bc4 Qg6+ 0-1

[Event "Mardi 2025.04.22"]
[Site "Laval CAN"]
[Date "2025.04.28"]
[Round "5.1"]
[White "Rodriguez, Jerome"]
[Black "Sun, Jonathan"]
[Result "1/2-1/2"]
[WhiteElo "1668"]
[BlackElo "1563"]
[WhiteFideId "-1"]
[WhiteFideId "-1"]
[PlyCount "74"]
[GameId "2190426783346864"]
[EventDate "2025.04.22"]
[EventType "swiss"]
[EventRounds "5"]
[EventCountry "CAN"]

1. e4 c5 2. Nf3 Nc6 3. Bb5 e6 4. O-O Nge7 5. c3 a6 6. Bxc6 Nxc6 7. d4 cxd4 8. cxd4 d5 9. Bg5 Be7 10. Bxe7 Nxe7 11. Nc3 dxe4 12. Nxe4 b6 13. Rc1 Bb7 14. Re1 O-O 15. Qd2 Nf5 16. a4 Qe7 17. Qf4 Rac8 18. Rxc8 Rxc8 19. g4 Bxe4 20. Qxe4 Nd6 21. Qe2 Qb7 22. Ne5 b5 23. axb5 axb5 24. Nd3 Qd5 25. Nf4 Qxd4 26. Nxe6 Qf6 27. Nc7 Kf8 28. Nd5 Qg5 29. Qf3 h5 30. h3 hxg4 31. hxg4 g6 32. Kg2 Rc4 33. Ne3 Rf4 34. Qa8+ Kg7 35. Rh1 Rxg4+ 36. Nxg4 Qxg4+ 37. Kf1 Qd1+ 1/2-1/2

[Event "Mardi 2025.04.22"]
[Site "Laval CAN"]
[Date "2025.05.20"]
[Round "5.2"]
[White "Deschamps, Martin"]
[Black "Guillemette, Thomas"]
[Result "1-0"]
[WhiteElo "1794"]
[BlackElo "1834"]
[WhiteFideId "-1"]
[WhiteFideId "-1"]
[PlyCount "65"]
[GameId "2190426783350961"]
[EventDate "2025.04.22"]
[EventType "swiss"]
[EventRounds "5"]
[EventCountry "CAN"]

1. e4 c5 2. Nf3 d6 3. Bb5+ Bd7 4. a4 Nc6 5. O-O Nf6 6. Re1 g6 7. c3 Bg7 8. d4 O-O 9. Bg5 cxd4 10. cxd4 h6 11. Bh4 d5 12. Bxf6 exf6 13. exd5 Ne7 14. Bc4 Bg4 15. h3 Bxf3 16. Qxf3 f5 17. Nc3 Bxd4 18. Rad1 Bf6 19. d6 Nc6 20. Nd5 Be5 21. Ne7+ Nxe7 22. dxe7 Qxe7 23. Qe3 Qb4 24. b3 Bg7 25. Rd7 Rad8 26. Bxf7+ Kh7 27. Bxg6+ Kh8 28. Rxd8 Rxd8 29. Bxf5 Rf8 30. Bd3 Qd6 31. Qe4 Kg8 32. Qh7+ Kf7 33. Bc4+ 1-0

[Event "Mardi 2025.04.22"]
[Site "Laval CAN"]
[Date "2025.05.20"]
[Round "5.3"]
[White "Nunez, Omar"]
[Black "Saillant, Christopher"]
[Result "1/2-1/2"]
[WhiteElo "1844"]
[BlackElo "1827"]
[WhiteFideId "-1"]
[WhiteFideId "-1"]
[PlyCount "61"]
[GameId "2190426783350962"]
[EventDate "2025.04.22"]
[EventType "swiss"]
[EventRounds "5"]
[EventCountry "CAN"]

1. d4 d5 2. Nf3 Nf6 3. Bf4 Bf5 4. e3 e6 5. Bd3 Bg6 6. Ne5 Nbd7 7. Nxg6 hxg6 8. h3 Bd6 9. Bg5 e5 10. dxe5 Bxe5 11. c3 c6 12. Nd2 Qc7 13. Qe2 O-O-O 14. O-O-O Qa5 15. Bb1 Rhe8 16. Nb3 Qb6 17. Rhe1 Kb8 18. f4 Bc7 19. f5 gxf5 20. Bxf5 Ne5 21. Qf1 a5 22. Kc2 a4 23. Nd2 c5 24. b3 Qa5 25. Rb1 Ka8 26. b4 cxb4 27. Rxb4 Rd6 28. Reb1 Rb8 29. Qf4 Qa7 30. Qxe5 Rc6 31. Qd4 1/2-1/2

[Event "Mardi 2025.04.22"]
[Site "Laval CAN"]
[Date "2025.05.20"]
[Round "5.4"]
[White "Neacsu, Catalin"]
[Black "Lesage, Philippe"]
[Result "1/2-1/2"]
[WhiteElo "1643"]
[BlackElo "1808"]
[WhiteFideId "-1"]
[WhiteFideId "-1"]
[PlyCount "58"]
[GameId "2190426783350963"]
[EventDate "2025.04.22"]
[EventType "swiss"]
[EventRounds "5"]
[EventCountry "CAN"]

1. e4 e6 2. d4 d5 3. Nc3 Nf6 4. Bg5 Be7 5. e5 Nfd7 6. Bxe7 Qxe7 7. f4 O-O 8. Nf3 c5 9. dxc5 Nxc5 10. Bd3 Nxd3+ 11. cxd3 Nc6 12. d4 b6 13. O-O Ba6 14. Rf2 b5 15. Rc1 Rac8 16. a4 bxa4 17. Qxa4 Bd3 18. Rd2 Be4 19. Nxe4 dxe4 20. Ng5 Nb4 21. Rxc8 Rxc8 22. Nxe4 Nd5 23. g3 Ne3 24. Nc5 g5 25. Re2 gxf4 26. gxf4 Nd5 27. Nd3 Kh8 28. Rg2 Ne3 29. Rg3 Nf5 1/2-1/2